Civilizaciónes de occidente : su historia y su cultura ; tomo ii /

Guardado en:
Autor Principal: Macnall Burns, Edward
Formato: Libro
Publicado: Buenos Aires : Siglo Veinte, 1978
Edición:12a. ed.
Materias:
Etiquetas: Agregar Etiqueta
Sin Etiquetas, Sea el primero en etiquetar este registro!
LEADER 00780nam a22002175a 4500
001 CEM.cems004029
005 20060216000000.0
008 130507s1978##################000#0#####d
003 CEMS
082 0 4 |a 901 
100 1 |a Macnall Burns, Edward 
245 1 0 |a Civilizaciónes de occidente :  |b su historia y su cultura ; tomo ii / 
250 |a 12a. ed. 
260 |a Buenos Aires :  |b Siglo Veinte,  |c 1978 
300 |a 995 p. 
653 |a Historia 
653 |a Historia de la civilizacion 
859 |a CEMS  |b BIB. CEMS - 11 de abril  |h 901  |i M282a12/II  |p 13768.85  |t Ej.2 
859 |a CEMS  |b BIB. CEMS - 11 de abril  |h 901  |i M282a12/II  |p 14452.87  |t Ej.3 
859 |a CEMS  |b BIB. CEMS - 11 de abril  |h 901  |i M282a12/II  |p 14453.87  |t Ej.4 
859 |a CEMS  |b BIB. CEMS - 11 de abril  |h 901  |i M282a12/II  |p 8153.80  |t Ej.1